000 00733nam a22002417i 4500
003 EG-ScBUE
005 20250515100436.0
008 090623r19671960enk f b 001 0 eng d
040 _aEG-ScBUE
_beng
_erda
_cEG-ScBUE
_dEG-ScBUE
082 0 4 _222
_a512.86
_bFUC
100 1 _aFuchs, László,
_eauthor.
245 1 0 _aAbelian groups /
_cby L. Fuchs.
250 _aReprinted edition.
264 1 _aOxford :
_bPergamon Press,
_c1967.
300 _a367 pages ;
_c22 cm
336 _2rdacontent
_atext
_btxt
337 _aunmediated
_2rdamedia
_bn
338 _avolume
_bnc
_2rdacarrier
504 _aIncludes bibliographical references and index.
650 7 _96687
_aAbelian groups.
_2BUEsh
655 _vReading book
942 _2ddc
_cBB
999 _c11961
_d11961